Животът на растенията (Запис номер 489975)
[ съкратено ]
| 000 -Лидер | |
|---|---|
| Лидер | 01199nam a2200301 a 4500 |
| 003 - Код на организацията, давaща контролен номер | |
| Код на организацията, даваща контролен номер | BLK |
| 005 - Дата и час на последна редакция | |
| Дата и час на последна редакция | 20250415130744.0 |
| 008 - Елементи от данни с фиксирана дължина | |
| Елементи с фиксирана дължина | 230323b bu |||||r|||| 00| | bu d |
| 020 ## - Международен стандартен номер на книга ISBN | |
| ISBN | 9786191913381 |
| 020 ## - Международен стандартен номер на книга ISBN | |
| ISBN | 9789546604378 |
| 040 ## - Източник на каталожния запис | |
| Код на библиотеката | BLK |
| 041 ## - Код за език | |
| Език | Български |
| Език за КДБФ | Български |
| 080 ## - УДК | |
| УДК текст | Ботаника. Вж и 631/635, Ботанически резервати вж 502.7 |
| УДК код | 58 |
| УДК – определител | (031) |
| УДК – код + определител | 58(031) |
| 9 (RLIN) | 227434 |
| 100 1# - Редна дума - Автор | |
| R(LIN) | 37381 |
| Автор | Бедойер, Камила де ла |
| 245 ## - Сведения за заглавието | |
| Заглавие | Животът на растенията |
| Авторска отговорност | Камила де ла Бедойере ; консулт. Барбара Тейлър |
| 260 ## - Област на издателските данни | |
| 9 (RLIN) | 402324 |
| Място на издаване | София |
| Име на издателя | Art Еternal |
| Година на издаване | 2017 |
| 300 ## - Физическа характеристика | |
| Брой страници | 40 с. |
| Илюстрации | с цв. ил. |
| Размер | 25 см |
| 380 ## - Жанр | |
| Жанр | Детска отраслова лит. |
| 490 ## - СЕРИИ (Колекции) | |
| 9 (RLIN) | 486945 |
| Серия | Детска енциклопедия |
| 650 #7 - Допълнително описание по предмет – тема | |
| 9 (RLIN) | 168966 |
| Предметна рубрика | Растения |
| 650 #7 - Допълнително описание по предмет – тема | |
| 9 (RLIN) | 154962 |
| Предметна рубрика | Енциклопедии, детски |
| 700 ## - Други автори (авторска отговорност) | |
| 9 (RLIN) | 444300 |
| Друг автор | Тейлър, Барбара |
| Авт. отговорност на др. автор | консулт. |
| 852 ## - Местоположение | |
| Сигнатура (форматна) | Цб |
| Отдел | Основен фонд - ползва се само за читалня |
| 856 ## - Електронен адрес и достъп | |
| Инструкция (цена за достъп) | 0.00 |
| Права за достъп | disable |
| 942 ## - АРТИКУЛИ | |
| Вид на библиотечния документ | Книги |
| Скрит в OPAC | Не |
| Периодичен библиозапис | Да |
| Koha issues (borrowed), all copies | 2 |
| 944 ## - СЪЗДАВАНЕ И РЕДАКЦИЯ на ЗАПИСА | |
| Създаване/Редакция | Създаване |
| Дата на регистрацията/редакция | 2023-03-23 |
| Служител, извършил регистрацията/редакцията | 30537 |
| Номер на служител | Грета Цуфелде |
| 999 ## - СИСТЕМНИ КОНТРОЛНИ НОМЕРА | |
| Koha biblionumber | 489975 |
| Koha biblioitemnumber | 489975 |
| Код за отписване | Код за изгубен артикул | Източник на класификационната схема | Код за повреда | Коз за рестрикции | Код за отдаване | Артикулен № | Име на библиотеката - собственик | Име на библиотеката, в която се намира в момента | Статус (Текущо местоположение) | Дата на вписване в системата | Местоположение - отдел | Цена в лева | Инвентарен номер | Систематично азбучна сигнатура | Баркод | Цена в евро | Служебен тип на артикула |
|---|---|---|---|---|---|---|---|---|---|---|---|---|---|---|---|---|---|
| Не е изгубен | Universal Decimal Classification | Не е повреден | без рестрикции | заемане за дома | 925605 | Регионална библиотека "Любен Каравелов" Русе | Регионална библиотека "Любен Каравелов" Русе | Детски отдел | 2023-03-29 | Детски отдел | 5.00 | 120000884719 | 0/Д 30 | 120000884719 | 2.56 | Книги |